00304nam a2200097Ia 4500008004100000082001900041100002000060245008100080260003600161300000900197210430s9999 xx 000 0 und d a620.118 S2911C aMel M. Schwartz aComposite Materials Processing Fabrication and ApplicationscMel M. Schwartz aNew JerseybPrentice Hallc1997 a572p